000 00354nam a2200145 a 4500
008 010712s1973||||xx 0 und c
040 _aSNK
_bslo
_cSNK
_eAACR2
100 1 _aMarx, K.-Engels, F.
245 1 0 _aManifest komunistické strany
260 _aBratislava
_c1973
_bPravda
300 _a47 s.
041 _aslo
020 _c2,50
044 _axo
_cSK
999 _c15522
_d15522